Statystyki dla Kraje Koronne Austro-Węgier

Kliknij tutaj aby rozwiązać quiz!

Ogólne statystyki

  • Ten quiz został rozwiązany 22 razy
  • Średni wynik to 12 z 21

Statystyki odpowiedzi

StatusNazwa% Poprawnych
KrólestwoKrólestwo Chorwacji i Slawonii
89%
KrólestwoKrólestwo Węgier
89%
KondominumKondominium Bośni i Hercegowiny
84%
KrólestwoKrólestwo Czech
84%
KrólestwoKrólestwo Galicji i Lodomerii
79%
Książęce HrabstwoKsiążęce Hrabstwo Tyrolu
79%
KsięstwoKsięstwo Salzburga
68%
ArcyksięstwoArcyksięstwo Austrii poniżej Enns
63%
ArcyksięstwoArcyksięstwo Austrii powyżej Enns
63%
MargrabstwoMargrabstwo Moraw
63%
KrólestwoKrólestwo Dalmacji
58%
KsięstwoKsięstwo Śląska
58%
KsięstwoKsięstwo Bukowiny
53%
KsięstwoKsięstwo Styrii
53%
KsięstwoKsięstwo Karyntii
47%
Wolne MiastoWolne Miasto Triest
42%
KsięstwoKsięstwo Krainy
32%
Wolne MiastoWolne Miasto Fiume
32%
Książęce HrabstwoKsiążęce Hrabstwo Vorarlbergu
21%
MargrabstwoMargrabstwo Istrii
21%
Książęce HrabstwoKsiążęce Hrabstwo Gorycji i Gradyski
16%

Rozkład punktacji

Percentyl według liczby udzielonych odpowiedzi

Procent ludzi z każdym wynikiem

Twoja historia wyników

Nie rozwiązałeś tego quizu